00560nam a2200193Ii 450000100060000000300090000600800410001502000150005604000330007104100080010408200200011210000240013224500710015626400460022730000120027333600260028533700280031133800270033914242CO-ViMGA241108s9999||||xx |||||||||||||| ||und|| a9588025478 aCO-ViMGAbspaerdacCO-ViMGA0 aspa04a986.0001 - A71p1 aRaúl Arango Ochoa10aLos pueblos indígenas de Colombia en el umbral del nuevo milenio 1aBogotá, Colombia : Quebecor World, 2004 avolumen atextbtxt2rdacontent aunmediatedbn2rdamedia avolumebnc2rdacarrier